Cultura de paz y psicología del conflicto /

A diferencia de un pacifismo tradicional y bienintencionado que por su carácter ideológico adopta una actitud voluntarista al tratar con la realidad y que aspira a su modificación utópica, la cultura de paz no pretende la imposible erradicación de todas las disputas sino su manejo en forma construct...

Fuld beskrivelse

Guardado en:
Bibliografiske detaljer
Hovedforfatter: Laca Arocena, Francisco Augusto
Format: Texto
Fag:
Tags: Tilføj Tag
Ingen Tags, Vær først til at tagge denne postø!

MARC

LEADER 00000 a a2200000 04500
001 7758
003
040
100 |a Laca Arocena, Francisco Augusto  
245 |a Cultura de paz y psicología del conflicto /  |c Francisco Augusto Laca Arocena  
520 |a A diferencia de un pacifismo tradicional y bienintencionado que por su carácter ideológico adopta una actitud voluntarista al tratar con la realidad y que aspira a su modificación utópica, la cultura de paz no pretende la imposible erradicación de todas las disputas sino su manejo en forma constructiva. La psicología del análisis y resolución de conflictos busca un conocimiento científico, metódico y acumulativo sobre las dinámicas de la conflictividad humana desde campos tan diversos como la toma de decisiones o la negociación y el mediar. Se aspira con ello a una cultura de paz sustentada realistamente en el conocimiento adquirido científicamente sobre las actitudes, motivaciones y comportamientos humanos en situaciones conflictivas  
650 |a CULTURA  
650 |a PAZ  
650 |a PSICOLOGIA  
773 |g volumen 12, número 24; páginas 55-70  
999 |c 21341  |d 21341